5HLuxD.jpg

KING HENRY VIII SENIOR AND PRIMARY SCHOOL LIBRARY OPAC

The whistling / (Record no. 5913)

000 -LEADER
fixed length control field 01726nam a2200337 i 4500
001 - CONTROL NUMBER
control field on1350453199
003 - CONTROL NUMBER IDENTIFIER
control field OCoLC
005 - DATE AND TIME OF LATEST TRANSACTION
control field 20251127131500.0
008 - FIXED-LENGTH DATA ELEMENTS--GENERAL INFORMATION
fixed length control field 230530t20232021onc e 000 1 eng d
020 ## - INTERNATIONAL STANDARD BOOK NUMBER
International Standard Book Number 9781405950244
040 ## - CATALOGING SOURCE
Original cataloging agency NLC
Language of cataloging eng
Description conventions rda
Transcribing agency NLC
Modifying agency NLC
-- OCLCF
-- CaOL
-- KH8
082 ## - DEWEY DECIMAL CLASSIFICATION NUMBER
Classification number FIC NET
100 1# - MAIN ENTRY--PERSONAL NAME
Personal name Netley, Rebecca,
Relator term author.
245 14 - TITLE STATEMENT
Title The whistling /
Statement of responsibility, etc. Rebecca Netley.
264 #1 - PRODUCTION, PUBLICATION, DISTRIBUTION, MANUFACTURE, AND COPYRIGHT NOTICE
Place of production, publication, distribution, manufacture UK ;
Name of producer, publisher, distributor, manufacturer Penguin Random House ,
Date of production, publication, distribution, manufacture, or copyright notice 2022.
264 #4 - PRODUCTION, PUBLICATION, DISTRIBUTION, MANUFACTURE, AND COPYRIGHT NOTICE
Date of production, publication, distribution, manufacture, or copyright notice ©2021.
300 ## - PHYSICAL DESCRIPTION
Extent 384 pages :
Dimensions 20 cm.
336 ## - CONTENT TYPE
Content type term text
Content type code txt
Source rdacontent.
337 ## - MEDIA TYPE
Media type term unmediated
Media type code n
Source rdamedia.
338 ## - CARRIER TYPE
Carrier type term volume
Carrier type code nc
Source rdacarrier.
520 ## - SUMMARY, ETC.
Summary, etc. "If you can hear it, it is already too late to be alone in the world, Elspeth Swansome takes the position of nanny to a family on the remote Scottish island of Skelthsea. Her charge, Mary, hasn't uttered a word since the sudden death of her twin, William - just days after their former nanny disappeared. No one will speak of what happened to William. Just as no one can explain the hypnotic lullabies sung in empty corridors. Nor the strange dolls that appear in abandoned rooms. Nor the faint whistling that comes in the night . . . As winter draws in and passage to the mainland becomes impossible, Elspeth finds herself trapped. But is this house haunted by the ghosts of the past? Or the secrets of the living?"--
Assigning source Provided by publisher.
650 #0 - SUBJECT ADDED ENTRY--TOPICAL TERM
Topical term or geographic name entry element Nannies
Geographic subdivision Scotland
Form subdivision Fiction.
650 #0 - SUBJECT ADDED ENTRY--TOPICAL TERM
Topical term or geographic name entry element Twins
Form subdivision Fiction.
650 #0 - SUBJECT ADDED ENTRY--TOPICAL TERM
Topical term or geographic name entry element Brothers
General subdivision Death
Form subdivision Fiction.
650 #0 - SUBJECT ADDED ENTRY--TOPICAL TERM
Topical term or geographic name entry element Social isolation
Form subdivision Fiction.
650 #0 - SUBJECT ADDED ENTRY--TOPICAL TERM
Topical term or geographic name entry element Selective mutism
Form subdivision Fiction.
650 #0 - SUBJECT ADDED ENTRY--TOPICAL TERM
Topical term or geographic name entry element Haunted houses
Geographic subdivision Scotland
Form subdivision Fiction.
650 #0 - SUBJECT ADDED ENTRY--TOPICAL TERM
Topical term or geographic name entry element Secrecy
Form subdivision Fiction.
650 #0 - SUBJECT ADDED ENTRY--TOPICAL TERM
Topical term or geographic name entry element Ghost stories.
Source of heading or term genre.
942 ## - ADDED ENTRY ELEMENTS (KOHA)
Source of classification or shelving scheme
Koha item type Books - Fiction
Holdings
Withdrawn status Lost status Source of classification or shelving scheme Damaged status Not for loan Collection code Permanent Location Current Location Shelving location Date acquired Full call number Barcode Date last seen Price effective from Koha item type
          Fiction KH8 Senior School Library KH8 Senior School Library Fiction 2025-11-27 FIC NET 3KHSL000102556 2025-11-27 2025-11-27 Books - Fiction

Powered By KH8 IT Dept